000 02324cam a2200193 4500500
005 20260329021705.0
041 _afre
042 _adc
100 1 0 _aSteuckardt, Agnès
_eauthor
245 0 0 _aHistoires de mot, entre lexicologie et discours ordinaire
260 _c2026.
500 _a6
520 _aDepuis l’Antiquité, les mythes cherchent à rendre raison des noms donnés aux choses en racontant l’histoire de leur nomination : la mise en récit scénarise la motivation sémantique. Dans notre culture discursive, le récit étymologique, articulant discours narratif et explicatif, fonctionne aussi bien dans les contes que les récits de voyage ou les traités de botanique. L’émergence de la lexicologie et d’une science de l’étymologie n’a pas aboli la pratique des histoires de mot dans le discours ordinaire. Les lexicologues les ramènent à la science et en font, sous la dénomination d’étymologie populaire, un objet d’étude. Mais ils les utilisent aussi pour partager leurs savoirs sur les parcours lexicaux en adoptant les schémas du discours narratif. Les histoires de mot représentent ainsi un point de passage entre les épistémès commune et savante.
520 _aSince Antiquity, myths have sought to explain the names given to things by telling the story of their naming: the narrative scripts the semantic motivation. In our discursive culture, the etymological narrative, combining narrative and explanatory discourse, functions as well in tales as in travel stories or botanical treatises. The emergence of lexicology and a science of etymology did not abolish the practice of word stories in everyday discourse. Lexicologists bring them into science and make them, under the name of folk etymology, an object of study. But they also use them to share their knowledge on lexical paths by adopting the pattern of narrative discourse. In this way, word stories represent a point of passage between common and scholarly epistemes.
690 _alexicologie ; étymologie ; narration ; linguistique populaire
690 _aLexicology; Etymology; Narrative; Folk Linguistics
786 0 _nLangue française | 229 | 1 | 2026-03-18 | p. 59-74 | 0023-8368
856 4 1 _uhttps://shs.cairn.info/revue-langue-francaise-2026-1-page-59?lang=fr&redirect-ssocas=7080
999 _c1914429
_d1914429